000
00296nam a2200121Ia 4500
008
220216s9999 xx 000 0 und d
100
_a
Biju Dharmapalan
245
0
_a
Janithakamattathe bhayakkunnathenthinu ?
260
_b
Karshakan
_c
2011
300
_a
68-70
650
_a
GM crops
942
_c
JS
999
_c
61780
_d
61780